A complete body of ancient geography (Record no. 114177)

MARC details
000 -LEADER
fixed length control field 00861cam a22001935a 4500
001 - CONTROL NUMBER
control field L156317
008 - FIXED-LENGTH DATA ELEMENTS--GENERAL INFORMATION
fixed length control field 120514s1805 xxk f 000 0 eng d
035 ## - SYSTEM CONTROL NUMBER
System control number (Sirsi) u156317
041 0# - LANGUAGE CODE
Language code of text/sound track or separate title eng
100 1# - MAIN ENTRY--PERSONAL NAME
Personal name Anville, Jean Baptiste Bourgignon d'
Dates associated with a name 1697-1782
245 02 - TITLE STATEMENT
Title A complete body of ancient geography
Statement of responsibility, etc. By Mons. d'Anville, ... Neatly engraved on thirteen plates; ... The whole materially improved, by inserting the modern names of places under the ancient
260 ## - PUBLICATION, DISTRIBUTION, ETC.
Place of publication, distribution, etc. London
Name of publisher, distributor, etc. Printed and published by Robert Laurie and James Whittle, map, chart, & print-sellers, no. 53, Fleet Street
Date of publication, distribution, etc. 1805
300 ## - PHYSICAL DESCRIPTION
Extent [2], 13 plates (col.)
Other physical details maps
Dimensions fol.
520 ## - SUMMARY, ETC.
Summary, etc. With 13 coloured maps, all except no. 9 double-page format.
583 ## - ACTION NOTE
Action Condition reviewed
Time/date of action 20110620
Status condition level 4
651 #4 - SUBJECT ADDED ENTRY--GEOGRAPHIC NAME
Geographic name International
690 ## - LOCAL SUBJECT ADDED ENTRY--TOPICAL TERM (OCLC, RLIN)
Topical term or geographic name as entry element Geomatics
9 (RLIN) 6242
942 ## - ADDED ENTRY ELEMENTS (KOHA)
Suppress in OPAC 0
Holdings
Withdrawn status Lost status Source of classification or shelving scheme Damaged status Not for loan Home library Current library Shelving location Date acquired Total Checkouts Full call number Barcode Date last seen Copy number Price effective from Koha item type
    Dewey Decimal Classification     Historic collection Historic collection Historic collection 14/05/2012   ATLAS 1805 ANVILLE 30077079 06/08/2019 1 06/08/2019 Book